| 000 | 00620nam a2200205 i 4500 | ||
|---|---|---|---|
| 001 | 77729 | ||
| 003 | ES-MaACL | ||
| 005 | 20230906173345.0 | ||
| 007 | t| | ||
| 008 | 041105s2002 pr ||||1| spa d | ||
| 020 | _a0-8477-0091-7 | ||
| 080 | _a821.134.2(729.5)-31"19" | ||
| 100 | 1 |
_aVilasuso, José. _9114843 |
|
| 245 | 1 | 0 |
_aCuentos al aire libre / _cJosé Vilasuso. |
| 250 | _a2ª reimpr. | ||
| 260 |
_aSan Juan de Puerto Rico : _bUniversidad de Puerto Rico, _c2002. |
||
| 300 |
_a82 p. ; _c22 cm. |
||
| 650 | 4 |
_aCuentos puertorriqueños. _911504 |
|
| 852 |
_aES-MaACL _jE-10253 _z- Donativo Ateneo Puertorriqueño |
||
| 999 |
_c77729 _d77729 |
||